00313nam a2200121Ia 4500008004100000041000800041082001200049100001300061245003200074260004400106300003000150365001100180240624s9999 xx 000 0 und d aeng a920 SYE aSYED M H aNETAJI SUBHASH CHANDRA BOSE c2010aMumbaibHimalaya Publishing House aix, : 302 : p. : cm. ; 22 cRSb30